000 00489pab a2200157 454500
008 180718b2003 xxu||||| |||| 00| 0 eng d
100 _aChowdhury, Md. Rashed
245 _aThe impact of `greater Dhaka flood protection project' (GDFPP) on local living environment - the attitude of the floodplain residents
260 _c2003
300 _ap.309-24.
362 _aJul
650 _aFlood control - Bangladesh
650 _aFlood control
773 _aNatural Hazards
909 _a58150
999 _c58150
_d58150